000
00233 a2200097 4500
001
32116
100
_a
Boylestad, Robert
245
_a
Electronic Devices and Circuit Theory
260
_a
New Delhi
_b
PHI
_c
1996
090
_c
21561
_d
21561
942
_a
NUST-CAE
_c
M
_c
12849
999
_c
267189
_d
267189